000 00927nas a2200313 4500
001 BR2017003145
003 BR-BrBNA
005 20231205131142.0
007 ta
008 230509b bl.|||p| |||| 00| 00por d
040 _aBR-BrBNA
_bpor
_cBiblioteca Nacional de Agricultura
041 _a(En)
072 _aF61
100 1 _aGiampaoli, P.
100 1 _aSantos, D.S. dos
100 1 _aMollo, L.
100 1 _aKanashiro, S.
100 1 _aTavares, A.R.
245 1 _aEffect of fertilization with urea on development in the ornamental bromeliad Aechmea fasciata
650 _aBROMÉLIA
650 _aNUTRIENTE MINERAL
650 _aNITROGÊNIO
650 _aCLOROFILA
650 _aUREIA
650 _aMATÉRIA SECA
773 0 _tRevista Ciência Agronômica (Brazil)
_xISSN 0045-6888
_g(Oct-Dec 2017), v. 48(4) p. 657-662
_wBR2017003145
909 _a202311
_bLúcia
_c55
_dLúcia Elande
942 _2AGRIS
_n0
_cANA
999 _c253275
_d253275